00354pab a2200121 454500008004000000100002300040245008800063260000900151300001600160362001100176650002500187773002000212180718b2004 xxu||||| |||| 00| 0 eng d aOgalo, Habil Slade aInitiating changes to overcome challenges in management education: need of the hour c2004 ap.13-14,17. a20 Sep aManagement education aUniversity News